| 000 | 00519nam a2200193 4500 | ||
|---|---|---|---|
| 003 | LK-CoMWRAF | ||
| 005 | 20230901040018.0 | ||
| 008 | 230901b1989 |||||||| |||| 00| 0 eng d | ||
| 020 | _a0192817000 | ||
| 040 |
_aLK-CoMWRAF _dLK-CoMWRAF _eLK-CoMWRAF |
||
| 041 | _aeng | ||
| 082 |
_a894.54 _bLON |
||
| 100 | _aLönnrot, Elias | ||
| 245 |
_aThe Kalevala : _bAn Epic poem after oral tradition |
||
| 260 |
_aOxford : _bOxford University Press, _c1989 |
||
| 300 | _a679p | ||
| 650 | _a Poetry in Finnish | ||
| 942 | _cBK | ||
| 999 |
_c3345 _d3345 |
||